Notícia explicativa da folha 4-C : Deilão (Registo nº 200022)

Detalhes MARC
000 -Etiqueta do registo
Valores 00629nam 22001933 4500
021 ## - Número do Depósito Legal
Código do país Portugal
Número 154096/00
100 ## - Dados gerais de processamento
Dados gerais 20260119d u||y0pory50 ba
200 ## - Titulo e menção de responsabilidade
Título próprio Notícia explicativa da folha 4-C : Deilão
Primeira menção de responsabilidade Carlos A. P. de Meireles
210 ## - Publicação
Local de publicação Lisboa
Nome do editor Instituto Geológico e Mineiro
Data de publicação 2000
215 ## - Descrição física 
Paginação / Volumes 28, [4] p.
Outras indicações físicas brochado
Dimensões 24 cm
Material acompanhante mapa desdobrável
225 ## - Colecção 
Título próprio da colecção Carta geológica de Portugal
606 ## - Nome comum usado como assunto
ID Autoridade 15715
Palavra de ordem Ciências da terra. Ciências geológicas
675 ## - CDU
Notação 55
Edição PT
Língua por
700 ## - Autor principal (pessoa individual)
ID Autoridade 15779
Apelido Meireles
Nome Carlos A. P. de
801 ## - Fonte de origem
País PT
Agência BMMN
Regras de catalogação RPC
830 ## - Notas gerais do catalogador
Criado por Vanda
990 ## - Elementos KOHA
Tipo de documento Livro
Exemplares
Situação do levantamento Biblioteca de origem Código de barras Cota Permissão de empréstimo Tipo de documento Forma de aquisição
  Biblioteca Municipal de Montemor-o-Novo 29087 55 MEI|DEP   Livro Oferta

Powered by Koha